Statistics for Brawl Stars Quiz

Click here to take the quiz!

General Stats

  • This quiz has been taken 8 times
  • The average score is 47 of 300

Answer Stats

HintAnswer% Correct
Trophy Road RewardBo
100%
Trophy Road Reward8-Bit
83%
RareBarley
83%
EpicBibi
83%
Trophy Road RewardBrock
83%
Super RareCarl
83%
Trophy Road RewardColt
83%
Super RareDarryl
83%
Trophy Road Reward
Nita
83%
Trophy Road RewardDynamike
83%
RareEl Primo
83%
Trophy Road RewardEmz
83%
EpicFrank
83%
Super RareJacky
83%
Trophy Road RewardJessie
83%
EpicPam
83%
Super RarePenny
83%
EpicPiper
83%
RarePoco
83%
RareRosa
83%
Starting BrawlerShelly
83%
Trophy Road RewardTick
83%
EpicBea
67%
Trophy Road RewardBull
67%
ChromaticColette
67%
EpicEdgar
67%
ChromaticGale
67%
MythicGene
67%
EpicGriff
67%
MythicMax
67%
MythicMortis
67%
EpicNani
67%
Super RareRico
67%
Trophy Road RewardStu
67%
MythicTara
67%
LegendaryAmber
50%
ChromaticAsh
50%
ChromaticBelle
50%
Power League/Club RankBronze
50%
ChromaticBuzz
50%
ChromaticColonel Ruffs
50%
LegendaryCrow
50%
Power League/Club RankGold
50%
EpicGrom
50%
Power League/Club RankLegendary
50%
LegendaryLeon
50%
Power League/Club RankMasters
50%
LegendaryMeg
50%
Power League/Club RankMythic
50%
LegendarySandy
50%
Power League/Club RankSilver
50%
LegendarySpike
50%
EpicBonni
33%
MythicByron
33%
GearDamage
33%
Star PowerDemolition
33%
Power League/Club RankDiamond
33%
Star PowerDyna-Jump
33%
ChromaticEve
33%
ChromaticFang
33%
GadgetFast Forward
33%
GearHealth
33%
ChromaticJanet
33%
ChromaticLola
33%
ChromaticLou
33%
MythicMr. P
33%
ChromaticOtis
33%
Star PowerShell Shock
33%
GearShield
33%
Star PowerSlick Boots
33%
GearSpeed
33%
MythicSprout
33%
MythicSqueak
33%
ChromaticSurge
33%
GearVision
33%
Star PowerAmbush
17%
Star PowerBand-Aid
17%
GadgetBear Paws
17%
Star PowerBear With Me
17%
Star PowerBerserker
17%
GadgetClay Pigeons
17%
Star PowerCreepy Harvest
17%
Gadget
Combo Spinner
17%
GadgetFaux Fur
17%
GadgetHomemade Recipe
17%
Star PowerHype
17%
Star PowerHyper Bear
17%
Star PowerMagnum Special
17%
GadgetRocket Fuel
17%
GadgetRocket Laces
17%
Star PowerRocket No. 4
17%
GadgetSilver Bullet
17%
Star PowerSnappy Sniping
17%
GadgetSpeed Loader
17%
GadgetSuper Totem
17%
GadgetSurvival Shovel
17%
GadgetAcid Spray
0%
GadgetActive Noise Canceling
0%
Star PowerAir Superiority
0%
GadgetAsteroid Belt
0%
GadgetAuto Aimer
0%
Star PowerAutofocus
0%
Star PowerAutoma-Tick Reload
0%
GadgetBackstage Pass
0%
Star PowerBad Karma
0%
Star PowerBatting Stance
0%
Star PowerBlack Portal
0%
Star PowerBlack Powder
0%
Star PowerBlustery Blow
0%
Star PowerBoosted Booster
0%
GadgetBooster Shots
0%
GadgetBouncy Castle
0%
GadgetBreakthrough
0%
Star PowerBusiness Resilience
0%
Star PowerCarrion Crow
0%
Star PowerChain Reaction
0%
GadgetCheat Cartridges
0%
GadgetChill Pill
0%
Star PowerCircling Eagle
0%
GadgetClone projector
0%
Star PowerCoiled Snake
0%
GadgetCorn-Fu
0%
Star PowerCounter Crush
0%
GadgetCrash Test
0%
GadgetCryo Syrup
0%
Star PowerCurveball
0%
Star PowerDa Capo!
0%
GadgetDancing Flames
0%
GadgetDefence Booster
0%
Gadget
Air Support
0%
Gadget
Fire Starters
0%
Gadget
Gotta Go!
0%
Star Power
Healing Winds
0%
Star PowerDivine Soles
0%
Gadget
Lamp Blowout
0%
Gadget
Porter Reinforcements
0%
Gadget
Power Surge
0%
Gadget
Scrapsucker
0%
Gadget
Slowing Toxic
0%
Gadget
Spring Ejector
0%
Gadget
Support from Beyond
0%
Gadget
Twister
0%
Gadget
Windup
0%
GadgetDormant Star
0%
GadgetDrop the Bass
0%
Star PowerEl Fuego
0%
Star PowerEnergize
0%
GadgetExtra Credits
0%
Star PowerExtra Noxious
0%
GadgetExtra Sticky
0%
Star PowerExtra Toxic
0%
Star PowerEyes Sharp
0%
Star PowerFertilize
0%
GadgetFidget Spinner
0%
Star PowerField Promotion
0%
Star PowerFirst Bash
0%
Star PowerFisticuffs
0%
GadgetFlying Hook
0%
Star PowerFoot Patrol
0%
Star PowerForce Field
0%
GadgetFreeze Frame
0%
Star PowerFreezing Snow
0%
Star PowerFresh Kicks
0%
GadgetFriendzoner
0%
GadgetGarden Mulcher
0%
Star PowerGaso-Heal
0%
GadgetGotcha
0%
Star PowerGrounded
0%
GadgetGrow Light
0%
Star PowerHandle With Care
0%
Star PowerHappy Surprise
0%
GadgetHardcore
0%
Star PowerHard Landing
0%
Star PowerHardy Hard Hat
0%
Star PowerHealing Shade
0%
GadgetHeat Ejector
0%
Star PowerHeavy Coffers
0%
Star PowerHeavy Metal
0%
GadgetHerbal Tonic
0%
Star PowerHome Run
0%
Star PowerHoneycomb
0%
GadgetHoney Molasses
0%
Star PowerHypothermia
0%
GadgetIce Block
0%
Star PowerImprovise
0%
Star PowerInjection
0%
Star PowerInk Refills
0%
Star PowerInsta Beaload
0%
Star PowerInvisiheal
0%
GadgetIrresistible Attraction
0%
GadgetJolting Volts
0%
Star PowerKeep The Change
0%
GadgetLast Hurrah
0%
GadgetLet's Fly
0%
GadgetLife Plant
0%
GadgetLollipop Drop
0%
Star PowerMad As Heck
0%
Star PowerMagic Puffs
0%
Star PowerMalaise
0%
Star PowerMama's Hug
0%
Star PowerMama's Squeeze
0%
Star PowerMass Tax
0%
Star PowerMaster Blaster
0%
Star PowerMedical Use
0%
Star PowerMeteor Rush
0%
GadgetMine Mania
0%
Star PowerMore Rockets!
0%
GadgetMotherly Love
0%
GadgetMultiball Launcher
0%
GadgetNa-Ah
0%
GadgetNest Egg
0%
Star PowerOvergrowth
0%
GadgetPhase Shifter
0%
GadgetPhat Splatter
0%
Star PowerPhotosynthesis
0%
GadgetPiggy Bank
0%
Star PowerPlant Life
0%
Star PowerPlugged In
0%
GadgetPneumatic Booster
0%
GadgetPopping Pincushion
0%
Star PowerPositive Feedback
0%
Star PowerPower Grab
0%
GadgetPower Shield
0%
Star PowerPower Throw
0%
Star PowerProtective Pirouette
0%
GadgetProtective Tunes
0%
GadgetPsychic Enhancer
0%
GadgetPulse Modulator
0%
Star PowerPush It
0%
GadgetRadio Check
0%
GadgetRattled Hive
0%
GadgetRebuild
0%
GadgetRecoiling Rotator
0%
GadgetRecoil Spring
0%
GadgetReserve Buoy
0%
GadgetResidue
0%
GadgetReturn to Sender
0%
GadgetReverse Polarity
0%
Star PowerRevolving Door
0%
Star PowerRobo Retreat
0%
Star PowerRolling Reload
0%
GadgetRotten Banana
0%
GadgetRoundhouse Kick
0%
Star PowerRude Sands
0%
Star PowerRun N Gun
0%
GadgetSalty Barrel
0%
GadgetSatchel Charge
0%
Star PowerScorchin' Siphon
0%
Star PowerScreeching Solo
0%
Star PowerSealed With A Kiss
0%
Star PowerServe Ice Cold
0%
GadgetService Bell
0%
Star PowerShocky
0%
GadgetShot in the arm
0%
GadgetSleep Stimulator
0%
Star PowerSmoke Trails
0%
Star PowerSnare A Bear
0%
GadgetSneaky Sneakers
0%
GadgetSpark Plug
0%
GadgetSpeed Zone
0%
Star PowerSpirit Slap
0%
Star PowerSponge
0%
Star PowerStage View
0%
Star PowerSteel Hoops
0%
Star PowerStencil Glue
0%
GadgetSticky Syrup Mixer
0%
GadgetStomper
0%
GadgetStunt Double
0%
GadgetSugar Rush
0%
Star PowerSuper Bouncy
0%
Star PowerSuper Charged
0%
Star PowerSupercool
0%
Star PowerSuper Sticky
0%
GadgetSuplex Supplement
0%
GadgetSweet Dreams
0%
GadgetTake Cover
0%
GadgetTar Barrel
0%
GadgetT-Bone Injector
0%
Star PowerTempered Steel
0%
Star PowerThorny Gloves
0%
GadgetToolbox
0%
Star PowerTo The Max!
0%
Star PowerTougher Torpedo
0%
Star PowerTough Guy
0%
GadgetTransplant
0%
GadgetTripwire
0%
GadgetTrusty Spyglass
0%
GadgetTuning Fork
0%
GadgetUnfriendly Bushes
0%
Star PowerUnnatural Order
0%
GadgetVengeful spirits
0%
GadgetVitamin Booster
0%
Star PowerVocal Warm Up
0%
GadgetWarp Blast
0%
GadgetWatchtower
0%
Star PowerWell Oiled
0%
Star PowerWild Flames
0%
Star PowerWisdom Tooth
0%
Star PowerX-Factor
0%
Star PowerZero Drag
0%

Score Distribution

Percentile by Number Answered

Percent of People with Each Score

Your Score History

You have not taken this quiz